[Event "GER Seniors Derby 01st"]
[Site "Germany"]
[Date "2002.08.15"]
[Round "1"]
[White "Langenbein, Falko"]
[Black "Reinemann, Guenter"]
[Result "0-1"]
[WhiteElo "1432"]
[BlackElo "1825"]
[PlyCount "48"]
[EventDate "2002.08.??"]
[EventType "swiss"]
[EventRounds "7"]
[EventCountry "GER"]
[SourceTitle "EXT 2006"]
[Source "ChessBase"]
[SourceDate "2005.11.24"]
[SourceVersion "1"]
[SourceVersionDate "2005.11.24"]
[SourceQuality "1"]

1. e4 e5 2. Nf3 Nc6 3. Bc4 Nf6 4. Nc3 Be7 5. 0-0 d6 6. h3 0-0 7. d3 a6 8. a3 Na5 9. Ba2 c5 10. b4 Nc6 11. bxc5 dxc5 12. Bb2 Bd6 13. Ng5 h6 14. Nxf7 Rxf7 15. Bxf7+ Kxf7 16. Nd5 Kg8 17. f4 Nd4 18. Rb1 b5 19. Nxf6+ Qxf6 20. fxe5 Qxe5 21. Rf3 Qh2+ 22. Kf2 Nxf3 23. Qxf3 Be6 24. Ke3 Rf8 0-1